00736nam a2200217Ii 45000010005000000030009000050080041000140400033000550410008000880820016000961000032001122450013001442640059001573000012002163360026002283370028002543380027002829400050003099990017003599520142003765999CO-ViMGA241108s9999||||xx |||||||||||||| ||und|| aCO-ViMGAbspaerdacCO-ViMGA0 aunk04aC861.3-F1951 aDiego de J. Fallón95413810aPoesía 1a[Lugar de publicación no identificado] : Kelly, 1971 avolumen atextbtxt2rdacontent aunmediatedbn2rdamedia avolumebnc2rdacarrier aidficha_siabuc: 5852. -- ficha_no_siabuc:5999 c51006d51006 001040708001aMEVIGERRbMEVIGERRcGENd2006-11-27hVol.1oC861.3-F195pECA5227r2024-11-26 10:02:25tEj.1w2024-11-26yBKz5852 | 8187